000 00363nam a2200169Ia 4500
003 0100
008 130303s9999 xx 000 0 und d
040 _cARRUPELIB
050 _aPR4588.O2 1972
100 _aDickens, Charles
245 4 _aThe Curiosity Shop
260 _aLondon
260 _bPenguin Books
260 _C1972
300 _a719p
942 0 0 _02
999 _c31639
_d31639